Top 10 most important and famous people from Baltic countries - Statistics

General Stats
  • This quiz has been taken 15 times
  • The average score is 3 of 10
Answer Stats
Hint Answer % Correct
Lithuanian basketball players, father and son. The son played in Oklahoma City Thunder, Sacramento Kings and Indian Pacers Domantas Sabonis/Arvydas Sabonis
71%
Latvian basketball player who played in New York Knicks, Dallas Mavericks and Washington Wizards Kristaps Porziņģis
57%
Latvian chess player nicknamed The Magician from Riga, eight times World Chess Champion Mikhail Tal
50%
Lithuanian anarchist, political activist, and writer. She played a pivotal role in the development of anarchist political philosophy in North America and Europe in the first half of XX century Emma Goldman
21%
Second president of Estonia from 1992 to 2001. The leader of the movement to restore Estonian independence from the Soviet Union Lennart Meri
21%
Lithuanian powerlifter and professional strongman. Due to his prolific 84 international wins in all major international strongman competitions, as well as his longevity in the sport, he is widely considered the greatest strength athlete of all time Žydrūnas Savickas
21%
Lithuanian philosopher, known for his work about Jewish philosophy, existentialism and phenomenology, focusing on the relationship of ethics to metaphysics and ontology Emmanuel Levinas
14%
Activist who participated in every major event leading to the independent Lithuanian state and is often given the informal honorific title of the Patriarch of the Nation Jonas Basanavičius
14%
Lithuanian director, poet and artist who has been called the godfather of American avant-garde cinema Jonas Mekas
14%
Grand Duke of Lithuania, born pagan he converted to Catholicism Władysław II
7%
No matching quizzes found
Score Distribution
Percent of People with Each Score
Percentile by Number Answered
Your Score History
You have not taken this quiz